000 00594nam a2200205Ia 4500
005 20250508161752.0
008 008 250505s9999 xx 000 0 eng d
020 _a87-16-01719-6
037 _aTextual
040 _aFEDL
_beng
_cFEDL
041 _aeng
_2eng
084 _a016.0014, POU
_qFEDL
100 _aPoulsen Sten Clod
_9771519
245 0 _aLitteraturstudier som led i paedagogisk - psykologisk forskning
260 _aCopenhagen
_bMunksgaard
_c1975
300 _a195p.
650 _aBibliographies
942 _cTEXL
_h016.0014, POU
999 _c1372070
_d1372070